| 000 | 00000nas##2200000za#4500 |
|---|---|
| 001 | 9.502626 |
| 003 | CaOODSP |
| 005 | 20200325091220 |
| 007 | cr ||||||||||| |
| 008 | 150406c2003||||xxc|| m o||||f| |0fre|d |
| 040 | |aCaOODSP|bfre |
| 043 | |an-cn--- |
| 086 | 1 |aFs76-3F-PDF |
| 110 | 1 |aCanada. |bMinistère des pêches et des océans. |
| 245 | 10|aRapport sur l'état des habitats |h[ressource électronique] |
| 260 | |aOttawa - Ontario : |bPêches et Océans Canada |
| 310 | |aIrrégulier |
| 362 | 1 |a2003/001--2004/003 |
| 775 | 08|tHabitat status report |w(CaOODSP)9.506228 |